00384pab a2200145 454500008004000000100002400040245004800064260000900112300001600121362001100137650002700148650001000175700001900185773003400204180718b2003 xxu||||| |||| 00| 0 eng d aJodhka, Surinder S. aCaste tensions in Punjab: Talhan and beyond c2003 ap.2923-926. a12 Jul aCaste - India - Punjab aCaste aLouis, Prakash aEconomic and Political Weekly